La experiencia jurídica de Roma. Su proyección en el umbral del s. xxi / (Record no. 139928)

MARC details
000 -LEADER
fixed length control field 00633cam a2200181 4500
008 - FIXED-LENGTH DATA ELEMENTS--GENERAL INFORMATION
fixed length control field 030912s1998 sp 000 0 spa u
020 ## - INTERNATIONAL STANDARD BOOK NUMBER
International Standard Book Number 8480027673
050 04 - LIBRARY OF CONGRESS CALL NUMBER
Classification number KJA2700
Item number P36 1998
100 1# - MAIN ENTRY--PERSONAL NAME
Personal name Panero Gutiérrez, Ricardo.
245 13 - TITLE STATEMENT
Title La experiencia jurídica de Roma. Su proyección en el umbral del s. xxi /
Statement of responsibility, etc Ricardo Panero Gutiérrez.
250 ## - EDITION STATEMENT
Edition statement 1a ed.
260 ## - PUBLICATION, DISTRIBUTION, ETC. (IMPRINT)
Place of publication, distribution, etc España :
Name of publisher, distributor, etc Tirant lo Blanch,
Date of publication, distribution, etc 1998
300 ## - PHYSICAL DESCRIPTION
Extent 55 páginas ;
Dimensions 21 cm.
500 ## - GENERAL NOTE
General note Recursos de la Dirección General de Bibliotecas
504 ## - BIBLIOGRAPHY, ETC. NOTE
Bibliography, etc Incluye bibliografías
650 10 - SUBJECT ADDED ENTRY--TOPICAL TERM
Topical term or geographic name as entry element Administración de justicia
Geographic subdivision Roma
General subdivision Historia
942 ## - ADDED ENTRY ELEMENTS (KOHA)
Source of classification or shelving scheme Biblioteca del Cogreso de los Estados Unidos
Koha item type Libro
Holdings
Estado de pérdida Fuente de clasificación Estado del daño No para préstamo Ubicación permanente Ubicación actual Apartado o colección Fecha de adquisición Edición Dependencia de educación superior (DES) Área del conocimiento Total Checkouts Clasificación Código de Barras Date last seen Número de copia Costo por reposición Tipo de recurso
  Biblioteca del Cogreso de los Estados Unidos     Biblioteca de la Facultad de Derecho y Ciencias Sociales "Felipe J. Tena" Biblioteca de la Facultad de Derecho y Ciencias Sociales "Felipe J. Tena" General 27/10/2021 1a ed. Derecho Ciencias Sociales y Administrativas   KJA2700 P36 1998 BFD000012764 27/10/2021 1 1.00 Libro